Detalles MARC
| 000 -LÍDER |
| Campo fijo de descripción fija |
02576nam a22005537a 4500 |
| 001 - NÚMERO DE CONTROL |
| Campo de control |
768714001 |
| 003 - IDENTIFICADOR DEL NÚMERO DE CONTROL |
| Campo de control |
CO-MdFUSB |
| 005 - FECHA Y HORA DE LA ULTIMA TRANSACCIÓN |
| control field |
20180622072548.0 |
| 008 - ELEMENTOS DE LONGITUD FIJA -- INFORMACIÓN GENERAL |
| Campo fijo de descripción fija -- Información general |
170130t2014 sp ||||f |||| 00| 0 spa d |
| 020 ## - NÚMERO INTERNACIONAL NORMALIZADO PARA LIBROS |
| Número Internacional Normalizado del libro |
9788499450520 |
| 040 ## - FUENTE DE CATALOGACIÓN |
| Agencia de catalogación original |
CO-MdFUSB |
| Idioma de catalogación |
spa |
| Agencia que realiza la transcripción |
CO-MdFUSB |
| Agencia que realiza la modificación |
CO-MdFUSB |
| Convenciones de la descripción |
rda |
| 041 ## - CÓDIGO DE IDIOMA |
| Código de idioma para texto/pista de sonido o título separado |
spa |
| 082 ## - NÚMERO DE CLASIFICACIÓN DECIMAL DEWEY |
| Número de la edición del Dewey |
24 |
| Número de clasificación |
225.9 |
| Clave de autor-Numero de item |
EN61p |
| 245 ## - TÍTULO |
| Título del Material |
Para entender el mundo social del Nuevo Testamento |
| Mención de responsabilidad, etc. |
/ Editado por : Dietmar Neufeld y Richard E. DeMaris |
| 264 #4 - PRODUCCIÓN, PUBLICACIÓN, DISTRIBUCIÓN, MANUFACTURA, Y COPYRIGHT |
| Lugar de producción, publicación, distribución, manufactura |
Estella, Navarra: |
| Nombre del productor, publicador, distribuidor |
Verbo Divino, |
| Fecha de producción, publicación, distribución, manufactura, o copyright |
©2014 |
| 264 #4 - PRODUCCIÓN, PUBLICACIÓN, DISTRIBUCIÓN, MANUFACTURA, Y COPYRIGHT |
| Fecha de producción, publicación, distribución, manufactura, o copyright |
©2014 |
| 300 ## - DESCRIPCIÓN FÍSICA |
| Extensión |
415 páginas |
| Dimensiones |
; 23 cm. |
| 336 ## - TIPO DE CONTENIDO |
| Fuente |
rdacontent |
| Término de tipo de contenido |
texto |
| Código de tipo de contenido |
txt |
| 337 ## - TIPO DE MEDIO |
| Fuente |
rdamedia |
| Nombre del tipo de medio |
sin mediación |
| Código del tipo de medio |
n |
| 338 ## - TIPO DE SOPORTE |
| Fuente |
rdacarrier |
| Nombre del tipo de soporte |
volumen |
| Código Tipo de soporte |
nc |
| 490 ## - MENCIÓN DE SERIE |
| Mención de serie |
Ágora |
| 504 ## - NOTA DE BIBLIOGRAFÍA, ETC. |
| Nota de bibliografía, etc |
Incluye bibliografía (páginas: 343-390) |
| 504 ## - NOTA DE BIBLIOGRAFÍA, ETC. |
| Nota de bibliografía, etc |
Incluye índice de fuentes antiguas |
| 504 ## - NOTA DE BIBLIOGRAFÍA, ETC. |
| Nota de bibliografía, etc |
Incluye índice de autores modernos |
| 504 ## - NOTA DE BIBLIOGRAFÍA, ETC. |
| Nota de bibliografía, etc |
Incluye índice de materia |
| 505 ## - NOTA DE CONTENIDO |
| Nota de contenido con formato preestablecido |
Parte I: Identidad: |
| 505 ## - NOTA DE CONTENIDO |
| Nota de contenido con formato preestablecido |
1. El colectivismo en la cultura mediterránea |
| Mención de responsabilidad |
Bruce J. Malina |
| 505 ## - NOTA DE CONTENIDO |
| Nota de contenido con formato preestablecido |
2. Parentesco y familia en el mundo del Nuevo Testamento |
| Mención de responsabilidad |
Margaret Y. MacDonald |
| 505 ## - NOTA DE CONTENIDO |
| Nota de contenido con formato preestablecido |
3. Los conceptos de género en el mundo imperial romano |
| Mención de responsabilidad |
Carolyn Osiek y Jennifer Pouya |
| 505 ## - NOTA DE CONTENIDO |
| Nota de contenido con formato preestablecido |
4. Paisaje y espacialidad: ubicación de Jesús |
| Mención de responsabilidad |
Halvor Moxnes |
| 505 ## - NOTA DE CONTENIDO |
| Nota de contenido con formato preestablecido |
Parte II: Interacción y compromiso social |
| 505 ## - NOTA DE CONTENIDO |
| Nota de contenido con formato preestablecido |
5. Honor: valor esencial en el mundo bíblico |
| Mención de responsabilidad |
Richard L. Rohrbaugh |
| 505 ## - NOTA DE CONTENIDO |
| Nota de contenido con formato preestablecido |
6. Estados de conciencia alterados: visiones, posesión por espíritus, viajes al cielo |
| Mención de responsabilidad |
Pieter F. Craffert |
| 505 ## - NOTA DE CONTENIDO |
| Nota de contenido con formato preestablecido |
7. Actividad sanadora de Jesús: ¿actos políticos? |
| Mención de responsabilidad |
John J. Pilch<br/> |
| 505 ## - NOTA DE CONTENIDO |
| Nota de contenido con formato preestablecido |
8. Estratificación social y patronato en sociedades mediterráneas de la antigüedad<br/> |
| Mención de responsabilidad |
Eric C. Stewart<br/> |
| 505 ## - NOTA DE CONTENIDO |
| Nota de contenido con formato preestablecido |
9. Mediación: Jesús, visto como emprendedor social<br/><br/> |
| Mención de responsabilidad |
Alicia Batten |
| 505 ## - NOTA DE CONTENIDO |
| Nota de contenido con formato preestablecido |
10. Estructura urbana y patronato: seguidores de Cristo en Corinto<br/><br/> |
| Mención de responsabilidad |
Peter Oakes |
| 505 ## - NOTA DE CONTENIDO |
| Nota de contenido con formato preestablecido |
11. La economía antigua y el Nuevo Testamento<br/> |
| Mención de responsabilidad |
David A. Fiensy |
| 505 ## - NOTA DE CONTENIDO |
| Nota de contenido con formato preestablecido |
12. Pureza, suciedad, anomalías y abominaciones<br/><br/> |
| Mención de responsabilidad |
Ritva H. Williams |
| 505 ## - NOTA DE CONTENIDO |
| Nota de contenido con formato preestablecido |
13. El rito y los orígenes cristianos<br/> |
| Mención de responsabilidad |
Risto Uro |
| 534 ## - NOTA DE VERSION ORIGINAL |
| Publicación, distribución, etc. del original |
Understanding the social world of the New Testament |
| Frase introductoria |
Título original: |
| 540 ## - NOTA DE CONDICIONES DE USO Y REPRODUCCION |
| Términos que regulan el uso y reproducción |
Rústico |
| 630 #7 - TITULO UNIFORME |
| Título uniforme |
Biblia. |
| Nombre de parte o sección de la obra |
Nuevo Testamento |
| Subdivisión de materia general |
Vida social y costumbres |
| 700 ## - ASIENTO SECUNDARIO - NOMBRE PERSONAL |
| 9 (RLIN) |
708 |
| Nombre personal |
Neufeld, Dietmar |
| Responsabilidad |
editor |
| 700 ## - ASIENTO SECUNDARIO - NOMBRE PERSONAL |
| 9 (RLIN) |
709 |
| Nombre personal |
DeMaris, Richard E. |
| Responsabilidad |
editor |
| 700 ## - ASIENTO SECUNDARIO - NOMBRE PERSONAL |
| 9 (RLIN) |
712 |
| Nombre personal |
Fernández Martínez, Serafín |
| Responsabilidad |
traductor |
| 830 ## - PUNTO DE ACCESO ADICIONAL DE SERIE - TÍTULO UNIFORME |
| Designación de volumen o secuencia |
35 |
| 942 ## - TIPO DE MATERIAL (KOHA) |
| Tipo de Item KOHA |
Libros General |